ՀՀ Գիտությունների ազգային ակադեմիայի հիմնարար գիտական գրադարան  =   Fundamental Scientific Library of NAS RA

Проблемы противоселевых мероприятий / (Record no. 214563)

MARC details
000 -LEADER
fixed length control field 01142nam a2200229 u 4500
001 - CONTROL NUMBER
control field 000623871
003 - CONTROL NUMBER IDENTIFIER
control field AM-YeHGA
005 - DATE AND TIME OF LATEST TRANSACTION
control field 20250617140144.0
008 - FIXED-LENGTH DATA ELEMENTS--GENERAL INFORMATION
fixed length control field 090113s1986 ||| r 000 0 rus d
040 ## - CATALOGING SOURCE
Original cataloging agency AM-YeHGA
041 0# - LANGUAGE CODE
Language code of text/sound track or separate title rus
090 ## - LOCALLY ASSIGNED LC-TYPE CALL NUMBER (OCLC); LOCAL CALL NUMBER (RLIN)
-- 216080
245 00 - TITLE STATEMENT
Title Проблемы противоселевых мероприятий /
Statement of responsibility, etc. Каз. пед. ин-т им. Абая и др.; Редкол.: А.Ю. Хегай (гл. ред.) и др.
260 ## - PUBLICATION, DISTRIBUTION, ETC.
Place of publication, distribution, etc. Алма-Ата :
Name of publisher, distributor, etc. Б. и.,
Date of publication, distribution, etc. 1986.
300 ## - PHYSICAL DESCRIPTION
Extent 167 с. :
Other physical details ил.
440 #0 - SERIES STATEMENT/ADDED ENTRY--TITLE
Title Селезащита
550 ## - ISSUING BODY NOTE
Issuing body note Гл. упр. по стр-ву и эксплуатации селезащит. сооружений при Совете Министров КазССР, Науч. совет АН СССР по инж. геологии и гидрогеологии
653 0# - INDEX TERM--UNCONTROLLED
Uncontrolled term Селевые потоки - Сборники
653 0# - INDEX TERM--UNCONTROLLED
Uncontrolled term Селезащитные сооружения - Сборники
700 1# - ADDED ENTRY--PERSONAL NAME
Personal name Хегай, Алексей Юрьевич
Relator term ред.
Relationship edt
710 2# - ADDED ENTRY--CORPORATE NAME
Corporate name or jurisdiction name as entry element Казахский педагогический институт им. Абая
Holdings
Withdrawn status Lost status Damaged status Not for loan Collection Home library Current library Date acquired Total checkouts Full call number Barcode Date last seen Price effective from Koha item type Public note
        General Fundamental Scientific Library Fundamental Scientific Library 29/12/2016   PII/579554 FL0092631 29/12/2016 29/12/2016 Գրքեր / Books 30 Days Loan
        General Fundamental Scientific Library Fundamental Scientific Library 29/12/2016   PII/579555 FL0092632 29/12/2016 29/12/2016 Գրքեր / Books 30 Days Loan


ՀՀ ԳԱԱ հիմնարար գիտական գրադարան
ՀՀ,Երևան 0019
Մարշալ Բաղրամյան 24/6
հեռախոս:(374-10) 52-47-50
Հետադարձ կապ

All site content, except where otherwise noted, is licensed under a
Creative Commons License